Islands in Kiribati - Statistics

General Stats
  • This quiz has been taken 51 times
  • The average score is 3 of 6
Answer Stats
Type Island / Archipelago % Correct
Atoll Tarawa
72%
Archipelago Gilbert
69%
Arichipelago Phoenix
59%
Archipelago Line
55%
Atoll Kirimati
24%
Atoll Orona
10%
No matching quizzes found
Score Distribution
Percent of People with Each Score
Percentile by Number Answered
Your Score History
You have not taken this quiz